|
|
|
|
| LEADER |
01455nam a2200409 i 4500 |
| 001 |
001724162 |
| 003 |
CZ BrMZK |
| 005 |
20200212071420.0 |
| 007 |
ta |
| 008 |
200106t20172017gw a e p 000 0 ger |
| 020 |
|
|
|a 978-3-19-421002-8
|q (brožováno)
|
| 040 |
|
|
|a BOA001
|b cze
|e rda
|
| 072 |
|
7 |
|a 811.112.2
|x Němčina
|2 Konspekt
|9 11
|
| 080 |
|
|
|a 811.112.2
|2 MRF
|
| 080 |
|
|
|a 81'373
|2 MRF
|
| 080 |
|
|
|a (07.062)81
|2 MRF
|
| 100 |
1 |
|
|a Duckstein, Barbara
|7 ola2010548507
|4 aut
|
| 245 |
1 |
0 |
|a Zwischendurch mal ... Wortschatz :
|b Niveau A1-A2 : Kopiervorlagen /
|c Barbara Duckstein, Esther Haertl
|
| 246 |
3 |
0 |
|a Wortschatz
|
| 250 |
|
|
|a 1. Auflage
|
| 264 |
|
1 |
|a München :
|b Hueber Verlag,
|c [2017]
|
| 264 |
|
4 |
|c ©2017
|
| 300 |
|
|
|a 119 stran :
|b barevné ilustrace ;
|c 28 cm
|
| 336 |
|
|
|a text
|b txt
|2 rdacontent
|
| 337 |
|
|
|a bez média
|b n
|2 rdamedia
|
| 338 |
|
|
|a svazek
|b nc
|2 rdacarrier
|
| 490 |
1 |
|
|a Deutsch als Fremdsprache
|
| 650 |
0 |
7 |
|a němčina
|7 ph115512
|2 czenas
|
| 650 |
0 |
7 |
|a slovní zásoba
|7 ph166083
|2 czenas
|
| 653 |
0 |
|
|a jazyková úroveň A1
|a jazyková úroveň A2
|
| 655 |
|
7 |
|a jazykové učebnice, texty, příručky (A)
|7 fd600889
|2 czenas
|
| 700 |
1 |
|
|a Haertl, Esther
|7 ola2018986263
|4 aut
|
| 830 |
|
0 |
|a Deutsch als Fremdsprache (Hueber)
|
| 910 |
|
|
|a BOA001
|b NK-0007.966
|
| 990 |
|
|
|a BK
|
| 991 |
|
|
|b 202002
|c NOV
|x 44
|
| 996 |
7 |
|
|b 261D010415
|c NK-0007.966
|l Německá knihovna/2.patro
|r ZHR
|n 17
|p dar
|h D-ws
|w 001775738
|u 000010
|a 0
|e BOA001
|j MZK50
|s A
|